000
00280nam a2200121Ia 4500
008
190216s9999||||xx |||||||||||||| ||und||
100
_a
Housecroftcatherin
245
0
_a
Chemistry An Integrated Approch
260
_b
Longmans
300
_a
1005
650
_a
Chemistry
942
_c
BK
999
_c
3271
_d
3271